Normal view
MARC view
- علم نفس ديني
Entry Topical Term
001 - CONTROL NUMBER
- control field: 38536
003 - CONTROL NUMBER IDENTIFIER
- control field: JO-AjAnu
005 - DATE AND TIME OF LATEST TRANSACTION
- control field: 20230606080421.0
008 - FIXED-LENGTH DATA ELEMENTS
- fixed length control field: 230606|| aca||aabn | a|a d
040 ## - CATALOGING SOURCE
- Original cataloging agency: JO-AjAnu
- Transcribing agency: JO-AjAnu
150 ## - HEADING--TOPICAL TERM
- Topical term or geographic name entry element: علم نفس ديني
670 ## - SOURCE DATA FOUND
- Source citation: Work cat.: (JO-AjAnu)19766: برت، سرل؛ ترجمة عبده، سمير, author 38535, علم النفس الديني